[Event "POLFINALY MISTRZOSTW POLSKI JUNIOROW 2021 D-17"]
[Site "Jatrzebia Gora"]
[Date "1899-12-30"]
[Round "1.1"]
[White "Bienko, Jagoda"]
[Black "Zniszczol, Wiktoria"]
[Result "0-1"]
[WhiteTitle "I"]
[BlackTitle "I++"]
[WhiteElo "1332"]
[BlackElo "1498"]

1. d4 g6 2. c4 Bg7 3. Nc3 c5 4. d5 Bxc3+ 5. bxc3 f5 6. g3 Nf6 7. Bg2 d6 8. Nf3
Qa5 9. Qb3 Nbd7 10. O-O Nb6 11. Nd2 Bd7 12. a3 Ba4 13. Qb2 Rb8 14. Rb1 Ng4 15.
e4 Ne5 16. f4 Nd3 17. Qa1 Bc2 18. Rb5 Qa4 19. Qa2 Bd1 20. Nb3 Qxc4 21. Rxb6 axb6
22. Rxd1 fxe4 23. Bd2 Qxd5 24. Qc2 c4 25. Nd4 Ra8 26. a4 e5 27. Nb5 Qc5+ 28. Kh1
Nf2+ 29. Kg1 Nh3+ 0-1

[Event "POLFINALY MISTRZOSTW POLSKI JUNIOROW 2021 D-17"]
[Site "Jatrzebia Gora"]
[Date "1899-12-30"]
[Round "1.2"]
[White "Mytnik, Kinga"]
[Black "Bychowska, Marta"]
[Result "1-0"]
[WhiteTitle "I"]
[BlackTitle "I"]
[WhiteElo "1477"]
[BlackElo "1328"]

1. e4 d5 2. exd5 Qxd5 3. Nc3 Qd8 4. d4 Nf6 5. Bf4 c6 6. Bc4 Nd5 7. Bg3 Bf5 8. Nf3
e6 9. O-O Bd6 10. Ne5 O-O 11. Bd3 Bxd3 12. Qxd3 Qe7 13. Ne4 Bc7 14. Qf3 Bb6 15.
c3 Nd7 16. Nc4 Bc7 17. Bxc7 Nxc7 18. Qg3 Nd5 19. Ne3 N7f6 20. Nc5 b6 21. Nd3 Rac8
22. Rfe1 Qc7 23. Ne5 c5 24. N3g4 Nxg4 25. Qxg4 cxd4 26. Qxd4 Rfd8 27. Qg4 Nf6
28. Qg5 Rd5 29. Qe3 Rcd8 30. Nf3 Rd3 31. Qe2 Ng4 32. h3 Nf6 33. Nd4 Qc4 34. Rac1
Nd5 35. Qe4 Nxc3 36. bxc3 Rxc3 37. Rxc3 Qxc3 38. Nf3 h6 39. Kh2 Qa5 40. Re2 b5
41. Ne5 Qc7 42. Rc2 Qb8 43. g3 Qb6 44. Qf4 Qb7 45. Ng4 Rd1 46. f3 Qd5 47. Ne5
Rh1+ 48. Kxh1 Qd1+ 49. Kg2 Qxc2+ 50. Kf1 Qd1+ 51. Kf2 Qc2+ 52. Ke1 Qb1+ 53. Ke2
Qxa2+ 54. Qd2 Qxd2+ 55. Kxd2 Kf8 56. Kc3 a5 57. Nc6 a4 58. Nd4 Ke7 59. Nxb5 e5
60. Kb4 f5 61. Nc3 g5 62. Kxa4 Ke6 63. Kb4 h5 64. Kc4 g4 65. fxg4 hxg4 66. hxg4
fxg4 67. Kd3 Kf5 68. Ke3 Ke6 69. Ke4 Kf6 70. Nd5+ Ke6 71. Ne3 Kf6 72. Nxg4+ Kg5
73. Nxe5 1-0

[Event "POLFINALY MISTRZOSTW POLSKI JUNIOROW 2021 D-17"]
[Site "Jatrzebia Gora"]
[Date "1899-12-30"]
[Round "1.3"]
[White "Zablocka, Marta"]
[Black "Matyjasek, Michalina"]
[Result "0-1"]
[WhiteTitle "I"]
[BlackTitle "I"]
[WhiteElo "1327"]
[BlackElo "1467"]

1. e4 c5 2. Nf3 Nc6 3. d4 cxd4 4. Nxd4 g6 5. Nc3 Bg7 6. Be3 Nf6 7. Bc4 O-O 8. f3
Qb6 9. Qd2 Nxe4 10. fxe4 Bxd4 11. Bxd4 Qxd4 12. Qxd4 Nxd4 13. O-O-O Nc6 14. Nd5
Rb8 15. Bb5 Re8 16. Rhf1 a6 17. Be2 d6 18. a4 Ne5 19. h3 Bd7 20. b3 Bc6 21. Rf2
Kg7 22. g4 Bxd5 23. exd5 Rbc8 24. g5 Rc3 25. Bd3 Rec8 26. Kb2 Nxd3+ 27. cxd3 R3c5
28. Rdf1 Rf8 29. Re1 Rxd5 30. Rxe7 b5 31. axb5 axb5 32. h4 Rxd3 33. Rf4 Rd5 34.
Rd7 Kg8 35. Ka3 Kg7 36. Kb4 Rf5 37. Rxf5 gxf5 38. Rxd6 f6 39. gxf6+ Rxf6 40. Rxf6
Kxf6 41. Kxb5 Ke5 42. Kc6 f4 43. b4 f3 44. b5 f2 45. b6 f1=Q 46. b7 Qf3+ 47. Kc7
Qf7+ 48. Kb6 Qb3+ 49. Kc7 Qf7+ 50. Kb6 Qxb7+ 51. Kxb7 Kf5 52. Kc6 Kg4 53. Kd5
Kxh4 54. Ke4 Kg4 55. Ke3 Kg3 56. Ke2 Kg2 57. Ke3 h5 58. Kd4 0-1

[Event "POLFINALY MISTRZOSTW POLSKI JUNIOROW 2021 D-17"]
[Site "Jatrzebia Gora"]
[Date "1899-12-30"]
[Round "1.4"]
[White "Krzyzosiak, Anna"]
[Black "Miarecka, Natalia"]
[Result "1-0"]
[WhiteTitle "I++"]
[BlackTitle "I"]
[WhiteElo "1461"]
[BlackElo "1308"]

1. e4 e5 2. Nf3 Nf6 3. Nxe5 d6 4. Nf3 Nxe4 5. d4 d5 6. Bd3 Bd6 7. O-O O-O 8. Nc3
Nxc3 9. bxc3 Bg4 10. c4 dxc4 11. Bxc4 c5 12. Bb2 Qc7 13. dxc5 Bxh2+ 14. Kh1 Qxc5
15. Qd3 Bc7 16. Qc3 Qh5+ 17. Kg1 Qh6 18. Rfe1 Nc6 19. Re4 Bf5 20. Rh4 Qg6 21.
Bb3 Bd8 22. Qd2 Bxh4 23. Nxh4 Qg4 24. Qc3 Be6 25. Re1 Bxb3 26. Re4 Qd1+ 27. Kh2
Qd6+ 28. Kg1 f6 29. cxb3 Rae8 30. Qc4+ Kh8 31. Ng6+ hxg6 32. Rh4# 1-0

[Event "POLFINALY MISTRZOSTW POLSKI JUNIOROW 2021 D-17"]
[Site "Jatrzebia Gora"]
[Date "1899-12-30"]
[Round "1.5"]
[White "Wolszczak, Natalia"]
[Black "Pawlak, Emilia"]
[Result "1/2-1/2"]
[WhiteTitle "I"]
[BlackTitle "I+"]
[WhiteElo "1299"]
[BlackElo "1445"]

1. e4 c5 2. Nc3 Nc6 3. g3 g6 4. Bg2 Bg7 5. d3 e6 6. Be3 d6 7. Nge2 Nd4 8. Qd2 Ne7
9. O-O O-O 10. f4 Rb8 11. Rab1 Nec6 12. Bf2 Qa5 13. Rfe1 Bd7 14. Nc1 b5 15. Nb3
Nxb3 16. axb3 Rfc8 17. e5 dxe5 18. Bxc5 exf4 19. Qxf4 Re8 20. Ne4 b4 21. Bd6 Qb6+
22. Kh1 e5 23. Qh4 Rbc8 24. Rf1 Nd4 25. Nf6+ Bxf6 26. Qxf6 Nf5 27. Bxe5 Qxf6 28.
Bxf6 Rxc2 29. Be4 Nd6 30. Rbe1 Bh3 31. Rg1 Be6 32. Ra1 Nxe4 33. dxe4 Re2 34. Rge1
Rxe1+ 35. Rxe1 Bxb3 36. Ra1 Ra8 37. Kg1 a5 38. Kf2 a4 39. Ke3 Kf8 40. Bd4 Ke8
41. Be5 Kd7 42. Kd4 Rc8 43. Ke3 Ke6 44. Bd4 h5 45. h4 Rc2 46. Rd1 Rg2 47. Rf1
Rxg3+ 48. Rf3 Rg4 49. Rf6+ Ke7 50. Rf4 Rg3+ 51. Rf3 Rxf3+ 52. Kxf3 Bd1+ 53. Kf4
Kd7 54. Bc5 a3 55. bxa3 b3 56. Bd4 Kc6 57. a4 Bg4 58. Kg5 Kb7 59. Kf6 Be6 60.
a5 Ka6 61. Bc3 Kb5 62. Kg5 Bc4 63. Kf6 b2 64. Bxb2 Kxa5 65. Bc1 Be6 66. Bd2+ Kb5
67. e5 Kc5 68. Bf4 Kd5 69. Bg5 Ke4 70. Bc1 Kf3 71. Bd2 Kg4 72. Bg5 Bd5 73. Ke7
Kf5 74. Kd6 Be6 1/2-1/2

[Event "POLFINALY MISTRZOSTW POLSKI JUNIOROW 2021 D-17"]
[Site "Jatrzebia Gora"]
[Date "1899-12-30"]
[Round "1.6"]
[White "Wojtas, Julia"]
[Black "Pacho, Maria"]
[Result "1/2-1/2"]
[WhiteTitle "I+"]
[BlackTitle "II"]
[WhiteElo "1443"]
[BlackElo "1279"]

1. e4 c5 2. Nf3 Nc6 3. d4 cxd4 4. Nxd4 d6 5. Nc3 Bd7 6. Be3 Nf6 7. f3 a6 8. a4
e6 9. Be2 Be7 10. O-O O-O 11. Kh1 Qc7 12. Nxc6 Bxc6 13. a5 Nd7 14. f4 Bf6 15.
Bd3 Bxc3 16. bxc3 Nf6 17. Bb6 Qe7 18. e5 dxe5 19. fxe5 Nd5 20. Qh5 g6 21. Qh6
Nxb6 22. axb6 f5 23. exf6 Rxf6 24. Rxf6 Qxf6 25. Rf1 Qg7 26. Qe3 Re8 27. Bc4 Qd7
28. Qe5 Qe7 29. Qc7 Qg5 30. Qf7+ Kh8 31. Qf2 Qg4 32. Bb3 Qg5 33. h4 Qg4 34. Qf6+
Kg8 35. Rf2 a5 36. Qf7+ Kh8 37. Qf6+ 1/2-1/2

[Event "POLFINALY MISTRZOSTW POLSKI JUNIOROW 2021 D-17"]
[Site "Jatrzebia Gora"]
[Date "1899-12-30"]
[Round "1.7"]
[White "Drela, Monika"]
[Black "Szewczyk, Malwina"]
[Result "0-1"]
[WhiteTitle "II+"]
[BlackTitle "I"]
[WhiteElo "1272"]
[BlackElo "1409"]

1. d4 Nf6 2. Bf4 g6 3. Nc3 Bg7 4. e4 d5 5. e5 Ne4 6. Nxe4 dxe4 7. Bc4 O-O 8. Ne2
c5 9. c3 cxd4 10. cxd4 Nc6 11. Qd2 Bg4 12. Rd1 Qb6 13. Be3 Qc7 14. Bd5 Bxe2 15.
Qxe2 Qa5+ 16. Rd2 Qxd5 17. a3 Na5 18. Rc2 Rac8 19. Rxc8 Rxc8 20. O-O Nc6 21. Rd1
Rd8 22. Rd2 Qa5 23. h4 Qa4 24. Qg4 Na5 25. Qxe4 Nc4 26. Rc2 Nxe3 27. fxe3 Qd7
28. Rf2 Qd5 29. Qg4 Bh6 30. Rf3 Qb3 31. h5 Qe6 32. Qe4 b6 33. hxg6 hxg6 34. Qh4
Kg7 35. g4 Bxe3+ 36. Rxe3 Rxd4 37. Kf2 Qxg4 38. Qxg4 Rxg4 39. Kf3 Rd4 40. Rc3
Rd7 41. Ke4 f5+ 42. exf6+ exf6 43. b4 Kf7 44. Rc6 g5 45. Kf5 Rd5+ 46. Ke4 Re5+
47. Kf3 Kg6 48. Rc4 Kf5 49. Rd4 g4+ 50. Rxg4 Re3+ 51. Kxe3 Kxg4 52. Kf2 Kf4 53.
a4 a6 54. b5 a5 0-1

[Event "POLFINALY MISTRZOSTW POLSKI JUNIOROW 2021 D-17"]
[Site "Jatrzebia Gora"]
[Date "1899-12-30"]
[Round "1.8"]
[White "Czerwinska, Oliwia"]
[Black "Pieczewska, Gabriela"]
[Result "1/2-1/2"]
[WhiteTitle "I"]
[BlackTitle "I"]
[WhiteElo "1408"]
[BlackElo "1199"]

1. e4 e6 2. d4 d5 3. e5 c5 4. c3 Nc6 5. Nf3 c4 6. g3 Be7 7. Bg2 Bd7 8. O-O Qc7
9. Bf4 Bd8 10. Na3 a6 11. Nc2 Nge7 12. Re1 Ng6 13. Bc1 O-O 14. Ne3 b5 15. a3 Na5
16. Nd2 Nc6 17. f4 f5 18. b4 Qb8 19. Bb2 a5 20. Qf3 Nge7 21. Rec1 a4 22. Rf1 Bb6
23. Kh1 Qe8 24. Rfd1 Qf7 25. Bf1 Ng6 26. Qe2 Bd8 27. Nf3 h6 28. Qg2 Be8 29. Be2
Ra7 30. Rg1 Rc7 1/2-1/2

[Event "POLFINALY MISTRZOSTW POLSKI JUNIOROW 2021 D-17"]
[Site "Jatrzebia Gora"]
[Date "1899-12-30"]
[Round "1.9"]
[White "Rodzik, Malgorzata"]
[Black "Kulpa, Karolina"]
[Result "0-1"]
[WhiteTitle "I"]
[BlackTitle "I"]
[WhiteElo "1198"]
[BlackElo "1388"]

1. d4 Nf6 2. Nf3 g6 3. Bf4 Bg7 4. e3 O-O 5. Nbd2 d6 6. Bd3 c5 7. c3 Nc6 8. O-O
Re8 9. Nc4 b5 10. Na3 a6 11. Bg3 Bb7 12. Nc2 e5 13. Be2 Qb6 14. Re1 Nh5 15. Ng5
Nxg3 16. hxg3 cxd4 17. exd4 exd4 18. cxd4 Nxd4 19. Rb1 Qc5 20. Nxd4 Bxd4 21. Nh3
Rac8 22. Bg4 f5 23. Rxe8+ Rxe8 24. Bf3 Be4 25. Bxe4 fxe4 26. Rc1 Qe5 27. Rc6 e3
28. Qb3+ Kh8 29. fxe3 Qxg3 30. Rxa6 Qe1+ 31. Kh2 Be5+ 32. Nf4 Qh4+ 33. Kg1 Bxf4
0-1

[Event "POLFINALY MISTRZOSTW POLSKI JUNIOROW 2021 D-17"]
[Site "Jatrzebia Gora"]
[Date "1899-12-30"]
[Round "1.10"]
[White "Matusik, Zuzanna"]
[Black "Kowalska, Julia"]
[Result "0-1"]
[WhiteTitle "I"]
[BlackTitle "II"]
[WhiteElo "1350"]
[BlackElo "1197"]

1. e4 e5 2. Nf3 Nc6 3. Bc4 h6 4. d3 Bc5 5. c3 Nf6 6. O-O d6 7. Nbd2 O-O 8. h3 Be6
9. Bb3 Re8 10. Re1 d5 11. Qe2 d4 12. Nf1 Nh5 13. Bc2 Qf6 14. Kh1 Rad8 15. Bd2
Nf4 16. Bxf4 Qxf4 17. Ng3 Qf6 18. Rf1 Bd7 19. Nh5 Qg6 20. Nh2 a6 21. f4 exf4 22.
Nxf4 Qg5 23. Qd2 Ne5 24. Nf3 Nxf3 25. Rxf3 Bc6 26. Raf1 dxc3 27. Qxc3 Bd4 28.
Qe1 Bxb2 29. Ne2 Re7 30. Rg3 Qc5 31. Bb3 Rf8 32. Qd2 Be5 33. d4 Rd8 34. Qe3 Bxd4
35. Nxd4 Qxd4 36. Qxh6 Bxe4 37. Rf6 Bg6 38. Qxg6 Re1+ 39. Kh2 Qg1# 0-1

[Event "POLFINALY MISTRZOSTW POLSKI JUNIOROW 2021 D-17"]
[Site "Jatrzebia Gora"]
[Date "1899-12-30"]
[Round "1.11"]
[White "Rozumek, Paulina"]
[Black "Reszka, Zofia"]
[Result "0-1"]
[WhiteTitle "II+"]
[BlackTitle "I++"]
[WhiteElo "1084"]
[BlackElo "1338"]

1. e4 c5 2. Nf3 e6 3. d4 cxd4 4. Nxd4 a6 5. Bd3 Qc7 6. Nc3 Nf6 7. Be3 b5 8. f3
Bb7 9. O-O Bc5 10. Nce2 d6 11. Qd2 O-O 12. Rad1 Nbd7 13. b4 Bb6 14. Rc1 Ne5 15.
Ng3 Nc4 16. Bxc4 bxc4 17. c3 Rfd8 18. Kh1 d5 19. Bg5 Qe5 20. f4 Qc7 21. e5 Ne4
22. Bxd8 Rxd8 23. Nxe4 dxe4 24. Rcd1 Bxd4 25. cxd4 c3 26. Qe3 Bd5 27. a3 Qc4 28.
f5 c2 29. Rc1 exf5 30. Rxf5 Qd3 31. Qg5 Rc8 32. e6 Bxe6 33. Rc5 Qd1+ 34. Rxd1
cxd1=Q# 0-1

[Event "POLFINALY MISTRZOSTW POLSKI JUNIOROW 2021 D-17"]
[Site "Jatrzebia Gora"]
[Date "1899-12-30"]
[Round "2.1"]
[White "Zniszczol, Wiktoria"]
[Black "Szewczyk, Malwina"]
[Result "1-0"]
[WhiteTitle "I++"]
[BlackTitle "I"]
[WhiteElo "1498"]
[BlackElo "1409"]

1. d4 Nf6 2. Nf3 g6 3. Nbd2 d5 4. b4 b6 5. e3 Bb7 6. c4 Bg7 7. a4 O-O 8. Be2 dxc4
9. Nxc4 Ne4 10. Qb3 Qd5 11. Bb2 Nd7 12. O-O Ndf6 13. h3 Rac8 14. Rfd1 Rfd8 15.
Rac1 a6 16. b5 a5 17. Ba3 Bf8 18. Qc2 Qe6 19. Nce5 Bd5 20. Qb2 h6 21. Nc6 Bxc6
22. Rxc6 Qf5 23. Bd3 Qh5 24. Qc2 Ng5 25. Nxg5 hxg5 26. Be2 Qh4 27. Bf3 g4 28.
hxg4 Nxg4 29. Rxg6+ fxg6 30. Qxg6+ Bg7 31. Bxg4 c5 32. Bxc8 Rd6 33. Be6+ Kh8 34.
g3 Qf6 35. Qxf6 Bxf6 36. d5 Rd8 37. Kg2 Kg7 38. f4 Bc3 39. e4 Bb4 40. Bb2+ Kg6
41. Rh1 c4 42. Bf5+ Kf7 43. Rh7+ 1-0

[Event "POLFINALY MISTRZOSTW POLSKI JUNIOROW 2021 D-17"]
[Site "Jatrzebia Gora"]
[Date "1899-12-30"]
[Round "2.2"]
[White "Kulpa, Karolina"]
[Black "Mytnik, Kinga"]
[Result "1-0"]
[WhiteTitle "I"]
[BlackTitle "I"]
[WhiteElo "1388"]
[BlackElo "1477"]

1. e4 d6 2. d4 Nf6 3. f3 c6 4. c4 Nbd7 5. Nc3 Qc7 6. Be3 b6 7. Nge2 e5 8. Qd2 Ba6
9. b3 Be7 10. Ng3 g6 11. Be2 O-O 12. Bh6 Rfd8 13. d5 Bf8 14. h4 cxd5 15. exd5
Bxh6 16. Qxh6 b5 17. Nge4 bxc4 18. g4 Qa5 19. Kf2 cxb3 20. Bxa6 Qxa6 21. axb3
Qb6+ 22. Kg3 Rdc8 23. h5 Qd8 24. hxg6 fxg6 25. Rh2 Qe7 26. Rah1 Rab8 27. g5 Nh5+
28. Rxh5 gxh5 29. Rxh5 Rxc3 30. Nf6+ Nxf6 31. gxf6 Rxf3+ 32. Kxf3 Rxb3+ 33. Ke4
Rb4+ 34. Kd3 Rb3+ 35. Kc4 Rb4+ 36. Kxb4 Qb7+ 37. Kc3 Qc7+ 38. Kd3 e4+ 39. Ke3
Qc1+ 40. Kxe4 Qc4+ 41. Kf3 Qf1+ 42. Kg4 Qe2+ 43. Kf4 Qf2+ 44. Ke4 Qc2+ 45. Kf3
Qd1+ 46. Kg3 Qg1+ 47. Kh4 Qf2+ 48. Kg5 Qg3+ 49. Kf5 Qe5+ 50. Kg4 Qe2+ 51. Kf4
Qf2+ 52. Ke4 Qc2+ 53. Kd4 Qa4+ 54. Kc3 Qa3+ 55. Kd4 Qc5+ 56. Kd3 Qa3+ 57. Ke4
Qa4+ 58. Kf5 Qc2+ 59. Ke6 Qc8+ 60. Kxd6 Qa6+ 61. Ke5 Qe2+ 62. Kf5 Qd3+ 63. Kg4
Qe2+ 64. Kf5 Qd3+ 65. Ke6 Qa6+ 66. d6 Qc4+ 67. Rd5 Qe4+ 68. Re5 Qc4+ 69. Ke7 Qf7+
70. Kd8 1-0

[Event "POLFINALY MISTRZOSTW POLSKI JUNIOROW 2021 D-17"]
[Site "Jatrzebia Gora"]
[Date "1899-12-30"]
[Round "2.3"]
[White "Matyjasek, Michalina"]
[Black "Wronska, Malgorzata"]
[Result "1-0"]
[WhiteTitle "I"]
[BlackTitle "III"]
[WhiteElo "1467"]
[BlackElo "1001"]

1. d4 d5 2. c4 c6 3. Nf3 Bf5 4. Nc3 e6 5. e3 Nf6 6. b3 Bb4 7. Bd2 Nbd7 8. Be2 O-O
9. O-O h6 10. a3 Ba5 11. b4 Bc7 12. b5 Ne4 13. c5 Nxc3 14. Bxc3 Be4 15. bxc6 bxc6
16. Qa4 Nb8 17. Nd2 Qh4 18. g3 Bxg3 19. fxg3 Qg5 20. Nxe4 Qxe3+ 21. Nf2 Qxe2 22.
Qd1 Qxd1 23. Raxd1 Nd7 24. Rb1 Rab8 25. Nd3 f6 26. Nb4 Rbc8 27. Rfe1 Rfe8 28.
Na6 e5 29. Rb7 exd4 30. Rxe8+ Rxe8 31. Bxd4 Ne5 32. Kg2 Nc4 33. Nb4 Nxa3 34. Nxc6
Nc2 35. Rxa7 Nxd4 36. Nxd4 Rc8 37. c6 g5 38. Rd7 1-0

[Event "POLFINALY MISTRZOSTW POLSKI JUNIOROW 2021 D-17"]
[Site "Jatrzebia Gora"]
[Date "1899-12-30"]
[Round "2.4"]
[White "Reszka, Zofia"]
[Black "Krzyzosiak, Anna"]
[Result "1/2-1/2"]
[WhiteTitle "I++"]
[BlackTitle "I++"]
[WhiteElo "1338"]
[BlackElo "1461"]

1. e4 c5 2. Nf3 d6 3. d4 cxd4 4. Nxd4 Nf6 5. Nc3 a6 6. Bg5 e6 7. f4 h6 8. Bh4 Be7
9. Qf3 Qc7 10. Bd3 Nc6 11. Nxc6 Qxc6 12. Rb1 b5 13. a3 Bb7 14. O-O O-O 15. Kh1
Qc7 16. Qh3 d5 17. e5 Ne4 18. Rf3 Bxh4 19. Qxh4 Kh8 20. Rh3 Qc5 21. Bxe4 dxe4
22. Qg5 Rad8 23. Rxh6+ gxh6 24. Qxh6+ Kg8 25. Qg5+ Kh8 26. Qh6+ Kg8 27. Qg5+ Kh8
28. Qh6+ Kg8 1/2-1/2

[Event "POLFINALY MISTRZOSTW POLSKI JUNIOROW 2021 D-17"]
[Site "Jatrzebia Gora"]
[Date "1899-12-30"]
[Round "2.5"]
[White "Kowalska, Julia"]
[Black "Wojtas, Julia"]
[Result "0-1"]
[WhiteTitle "II"]
[BlackTitle "I+"]
[WhiteElo "1197"]
[BlackElo "1443"]

1. e4 c5 2. Nf3 d6 3. c4 e5 4. Nc3 g6 5. d3 Bg7 6. b3 Ne7 7. Be2 O-O 8. O-O Nbc6
9. Bb2 f5 10. Nd2 Nd4 11. Rb1 a6 12. Nf3 Ne6 13. Bc1 f4 14. a3 g5 15. h3 Nc6 16.
Nd5 Ned4 17. Nh2 Nxe2+ 18. Qxe2 Nd4 19. Qd1 f3 20. Nxf3 Nxf3+ 21. gxf3 Bxh3 22.
Re1 g4 23. fxg4 Qh4 24. Be3 Bxg4 25. Qd2 Bf3 26. Kf1 Qh1# 0-1

[Event "POLFINALY MISTRZOSTW POLSKI JUNIOROW 2021 D-17"]
[Site "Jatrzebia Gora"]
[Date "1899-12-30"]
[Round "2.6"]
[White "Pawlak, Emilia"]
[Black "Czerwinska, Oliwia"]
[Result "1/2-1/2"]
[WhiteTitle "I+"]
[BlackTitle "I"]
[WhiteElo "1445"]
[BlackElo "1408"]

1. e4 e5 2. Nf3 Nc6 3. Bc4 Bc5 4. O-O d6 5. c3 Nf6 6. d3 h6 7. Bb3 O-O 8. Nbd2
a6 9. Re1 Ng4 10. Re2 Kh8 11. h3 Nf6 12. Nf1 Bb6 13. Ng3 Be6 14. Bc2 Qc8 15. Kh2
Ne7 16. d4 Ng6 17. Qd3 Qe8 18. Be3 Bd7 19. Qd2 Kh7 20. Rd1 Bb5 21. Ree1 Rd8 22.
Nf5 Ng8 23. b3 Bd7 24. Kg1 f6 25. Nh2 N6e7 26. Ng4 Qg6 27. Qd3 Qf7 28. Qe2 h5
29. Nh2 g6 30. Nh4 Qg7 31. f4 Nh6 32. N4f3 Nf7 33. Rd2 Rh8 34. fxe5 dxe5 35. dxe5
Bxe3+ 36. Qxe3 Nxe5 37. Nxe5 fxe5 38. Red1 Nc6 39. Nf3 Qe7 40. Ng5+ Kg7 41. b4
Be6 42. Nxe6+ Qxe6 43. Bb3 Qe7 44. Bd5 Rhf8 45. Bxc6 bxc6 46. Rxd8 Rxd8 47. Rxd8
Qxd8 48. Qc5 Qg5 49. Qxc6 Qc1+ 50. Kh2 1/2-1/2

[Event "POLFINALY MISTRZOSTW POLSKI JUNIOROW 2021 D-17"]
[Site "Jatrzebia Gora"]
[Date "1899-12-30"]
[Round "2.7"]
[White "Pacho, Maria"]
[Black "Wolszczak, Natalia"]
[Result "1/2-1/2"]
[WhiteTitle "II"]
[BlackTitle "I"]
[WhiteElo "1279"]
[BlackElo "1299"]

1. c4 c6 2. Nc3 d5 3. cxd5 cxd5 4. Nf3 Bf5 5. Qb3 e6 6. Qxb7 Nd7 7. Qb3 Ngf6 8.
d3 Bd6 9. g3 O-O 10. Bg2 Nc5 11. Qd1 e5 12. O-O Rb8 13. Bg5 d4 14. Nd5 Rxb2 15.
Nxf6+ gxf6 16. Bh6 Re8 17. Nd2 Bf8 18. Bxf8 Kxf8 19. Nc4 Rb8 20. Qd2 Bg6 21. Rab1
Qc7 22. Rxb8 Rxb8 23. Rc1 Qe7 24. Na5 Rb6 25. Qc2 Ne6 26. Nb3 Qb4 27. Bd5 Kg7
28. Qc8 a5 29. Qc4 a4 30. Qxb4 Rxb4 31. Nc5 Nxc5 32. Rxc5 Rb2 33. Kf1 Rb1+ 34.
Kg2 Rb2 35. Kf3 f5 36. h3 e4+ 37. dxe4 fxe4+ 38. Bxe4 Bxe4+ 39. Kxe4 Rxe2+ 40.
Kxd4 Rxa2 41. Ke3 Kf6 42. Ra5 Ke6 43. h4 Kf6 44. g4 a3 45. g5+ Ke6 46. h5 Ra1
47. Kf3 a2 48. Kf4 1/2-1/2

[Event "POLFINALY MISTRZOSTW POLSKI JUNIOROW 2021 D-17"]
[Site "Jatrzebia Gora"]
[Date "1899-12-30"]
[Round "2.8"]
[White "Pieczewska, Gabriela"]
[Black "Matusik, Zuzanna"]
[Result "1/2-1/2"]
[WhiteTitle "I"]
[BlackTitle "I"]
[WhiteElo "1199"]
[BlackElo "1350"]

1. c4 e5 2. Nc3 Nf6 3. g3 d5 4. cxd5 Nxd5 5. Bg2 Nb6 6. e3 Nc6 7. Nge2 Be7 8. O-O
O-O 9. b3 Be6 10. Bb2 f6 11. d4 exd4 12. exd4 Nd5 13. Nxd5 Bxd5 14. Nf4 Bxg2 15.
Kxg2 Re8 16. Re1 Bb4 17. Rxe8+ Qxe8 18. d5 Ne5 19. Ne6 Bd6 20. Qd2 Qh5 21. Bxe5
Bxe5 22. Rc1 Rc8 23. Qb4 b6 24. Qe7 Qf7 25. Qxf7+ Kxf7 26. f4 Bd6 27. Nd4 Bc5
28. Ne6 Bd6 29. Nd4 a6 30. Nf5 Bc5 31. Ra1 Rd8 32. Rd1 Bb4 33. Kf3 c6 34. Ne3
cxd5 35. Rxd5 Rxd5 36. Nxd5 1/2-1/2

[Event "POLFINALY MISTRZOSTW POLSKI JUNIOROW 2021 D-17"]
[Site "Jatrzebia Gora"]
[Date "1899-12-30"]
[Round "2.9"]
[White "Miarecka, Natalia"]
[Black "Bienko, Jagoda"]
[Result "0-1"]
[WhiteTitle "I"]
[BlackTitle "I"]
[WhiteElo "1308"]
[BlackElo "1332"]

1. e4 c5 2. Nf3 Nc6 3. c3 d5 4. exd5 Qxd5 5. d4 Bg4 6. Be2 e6 7. Be3 cxd4 8. cxd4
Nf6 9. Nc3 Qd6 10. O-O Be7 11. Rc1 O-O 12. h3 Bh5 13. Qd2 Rac8 14. Rfd1 Rfd8 15.
Bf4 Qd7 16. g4 Bg6 17. Ne5 Nxe5 18. dxe5 Qe8 19. Qe3 Bc5 20. Rxd8 Qxd8 21. Qf3
Nd5 22. Rd1 Qb6 23. Na4 Bxf2+ 24. Qxf2 Qxf2+ 25. Kxf2 Nxf4 26. Bf1 Kf8 27. Rd7
Be4 28. Rd4 Rc2+ 29. Ke3 Bd5 30. Rxf4 Bxa2 31. Bd3 Rh2 32. Rf3 Bd5 33. Be4 Bxe4
34. Kxe4 Ke7 35. b3 Rd2 36. Nc5 b6 37. Nd3 a5 38. Kd4 Rc2 39. Rf2 Rc7 40. Nb2
b5 41. Rf3 f6 42. exf6+ gxf6 43. Rc3 Rd7+ 44. Ke3 Kd6 45. Rd3+ Kc6 46. Rxd7 Kxd7
47. Kd4 Kd6 48. Nd3 a4 49. b4 a3 50. Nc1 f5 51. g5 e5+ 52. Kc3 f4 53. Nd3 Kd5
54. h4 f3 55. h5 e4 56. g6 hxg6 57. h6 e3 58. h7 a2 59. Kb2 a1=Q+ 60. Kxa1 f2
61. h8=Q f1=Q+ 62. Kb2 Qxd3 63. Qg8+ Kd4 64. Qg7+ Kc4 65. Qf7+ Kxb4 66. Qf8+ Kc4
67. Qc8+ Kd4 68. Qd7+ Ke4 69. Qe7+ Kf4 70. Qh4+ Kf5 71. Qh3+ Ke5 72. Qh8+ Kf4
73. Qh4+ Kf3 74. Qh1+ Ke2 75. Qg2+ Kd1 76. Qg1+ Kd2 77. Qg2+ Qe2 78. Qd5+ Ke1+
79. Ka3 b4+ 0-1

[Event "POLFINALY MISTRZOSTW POLSKI JUNIOROW 2021 D-17"]
[Site "Jatrzebia Gora"]
[Date "1899-12-30"]
[Round "2.10"]
[White "Bychowska, Marta"]
[Black "Drela, Monika"]
[Result "0-1"]
[WhiteTitle "I"]
[BlackTitle "II+"]
[WhiteElo "1328"]
[BlackElo "1272"]

1. e4 c5 2. Nc3 d6 3. g3 g6 4. Bg2 Bg7 5. d3 Nf6 6. f4 Nc6 7. Nf3 Qc7 8. O-O O-O
9. Be3 Be6 10. d4 cxd4 11. Nxd4 Nxd4 12. Bxd4 a6 13. Qf3 Bg4 14. Qe3 Be6 15. h3
Nd7 16. Bxg7 Kxg7 17. Nd5 Bxd5 18. exd5 Nf6 19. c3 Rac8 20. Rfe1 Rfe8 21. Qd4
Qc5 22. Qxc5 Rxc5 23. Rad1 Kf8 24. Kf2 Rec8 25. Re2 a5 26. g4 Rc4 27. Kg3 a4 28.
a3 R8c5 29. Rde1 Rc7 30. Bf3 R4c5 31. Rd1 Nd7 32. h4 Nb6 33. g5 Nc4 34. h5 Rb5
35. hxg6 hxg6 36. Rh1 Rxb2 37. Rxb2 Nxb2 38. Rc1 Nd3 39. Rc2 Ne1 40. Rc1 Nxf3
41. Kxf3 Rc4 42. Ke3 Ke8 43. Rc2 Kd7 44. Rc1 e6 45. dxe6+ Kxe6 46. Kf3 Kf5 47.
Rb1 Rxc3+ 48. Ke2 Rxa3 49. Rxb7 Kxf4 50. Rxf7+ Kxg5 51. Rd7 Ra2+ 52. Kd3 Ra1 53.
Kc2 Rf1 54. Rxd6 a3 55. Kb3 Rf3+ 56. Ka2 Kh5 57. Rd5+ g5 58. Rd8 Kh4 59. Rh8+
Kg3 60. Rc8 g4 61. Rg8 Kh3 62. Rh8+ Kg2 63. Rg8 g3 64. Rg7 Kh2 65. Rh7+ Kg1 66.
Rc7 g2 67. Rc1+ Kh2 68. Rc6 g1=Q 69. Rh6+ Rh3 70. Rc6 Qg2+ 0-1

[Event "POLFINALY MISTRZOSTW POLSKI JUNIOROW 2021 D-17"]
[Site "Jatrzebia Gora"]
[Date "1899-12-30"]
[Round "2.11"]
[White "Rodzik, Malgorzata"]
[Black "Zablocka, Marta"]
[Result "0-1"]
[WhiteTitle "I"]
[BlackTitle "I"]
[WhiteElo "1198"]
[BlackElo "1327"]

1. d4 Nf6 2. Nf3 e6 3. Bf4 c5 4. e3 Qb6 5. Nc3 a6 6. Rb1 cxd4 7. Nxd4 d5 8. Be2
Nbd7 9. Bg3 Be7 10. O-O O-O 11. Bf3 Re8 12. e4 dxe4 13. Nxe4 Nxe4 14. Bxe4 Nf6
15. Re1 Rd8 16. c3 Bc5 17. Be5 Nxe4 18. Rxe4 f6 19. Bg3 e5 20. Qb3+ Kf8 21. Nc2
Qxb3 22. axb3 Bf5 23. Re2 Rd7 24. h3 Rad8 25. Rbe1 Rd2 26. b4 Bb6 27. Na3 Rxe2
28. Rxe2 Rd1+ 29. Kh2 Bd3 0-1

[Event "POLFINALY MISTRZOSTW POLSKI JUNIOROW 2021 D-17"]
[Site "Jatrzebia Gora"]
[Date "1899-12-30"]
[Round "3.1"]
[White "Matyjasek, Michalina"]
[Black "Zniszczol, Wiktoria"]
[Result "0-1"]
[WhiteTitle "I"]
[BlackTitle "I++"]
[WhiteElo "1467"]
[BlackElo "1498"]

1. d4 g6 2. Nf3 Bg7 3. Nc3 e6 4. e4 d5 5. g3 Ne7 6. Bg2 O-O 7. O-O Nbc6 8. e5 b6
9. Ne2 Ba6 10. Re1 Na5 11. b3 Nb7 12. Ba3 c5 13. Rc1 Bh6 14. Rb1 Rc8 15. Bc1 Bg7
16. Be3 Nf5 17. Qd2 Qc7 18. Rbc1 cxd4 19. Nexd4 Nxe3 20. Qxe3 Qc3 21. Qxc3 Rxc3
22. Bf1 Bxf1 23. Kxf1 a6 24. Kg2 Bh6 25. Rcd1 Nc5 26. Ng1 Nd7 27. Nge2 Rc7 28.
Nf4 Re8 29. Nd3 Bf8 30. Re2 Bc5 31. Nxc5 bxc5 32. Nf3 Rb8 33. c3 a5 34. Nd2 a4
35. f4 axb3 36. Nxb3 c4 37. Nd4 Nc5 38. Rdd2 Nd3 39. Rc2 Rb1 40. Nf3 Rcb7 41.
Kh3 Rf1 42. Nd2 Rd1 43. Nf3 Ra1 44. Nd4 Rb6 45. Nf3 h6 46. Kg4 Rf1 47. Nd2 Ra1
48. Nf3 Rbb1 49. Nd2 Rc1 50. Nf3 Kf8 51. Nd4 Rf1 52. Red2 Rfb1 53. Re2 Ke7 54.
Red2 0-1

[Event "POLFINALY MISTRZOSTW POLSKI JUNIOROW 2021 D-17"]
[Site "Jatrzebia Gora"]
[Date "1899-12-30"]
[Round "3.2"]
[White "Krzyzosiak, Anna"]
[Black "Kulpa, Karolina"]
[Result "1-0"]
[WhiteTitle "I++"]
[BlackTitle "I"]
[WhiteElo "1461"]
[BlackElo "1388"]

1. e4 c5 2. Ne2 Nf6 3. Nbc3 d5 4. exd5 Nxd5 5. Nxd5 Qxd5 6. d4 e6 7. Be3 cxd4 8.
Nxd4 Nc6 9. Nb5 Qe5 10. Be2 a6 11. Nd4 Nxd4 12. Bxd4 Qc7 13. O-O Bd6 14. h3 O-O
15. Bd3 Bd7 16. Re1 Bc6 17. Be4 Rac8 18. Bc3 Rfd8 19. Qh5 g6 20. Qg5 Be7 21. Qe3
Rd7 22. Bxc6 Qxc6 23. Qe5 f6 24. Qxe6+ Qxe6 25. Rxe6 Kf7 26. Re2 b5 27. a3 Rdc7
28. Kf1 f5 29. Ke1 Bf6 30. Bxf6 Kxf6 31. Kd1 Rd8+ 32. Rd2 Re8 33. c3 Rce7 34.
Kc2 Re2 35. Rad1 R8e6 36. Rxe2 Rxe2+ 37. Rd2 Re6 38. Kb3 Ke7 39. a4 Rb6 40. axb5
axb5 41. Kb4 Ke6 42. c4 bxc4+ 43. Kxc4 Ke5 44. b4 Rc6+ 45. Kb5 Rc1 46. Kb6 Rb1
47. b5 Ke6 48. Kc6 Rc1+ 49. Kb7 Rb1 50. b6 Ke7 51. Kc7 Rc1+ 52. Kb8 Rb1 53. b7
Rb3 54. Ra2 Kd7 55. Ka8 Kc7 56. Rc2+ 1-0